000 00718nam a2200241Ia 4500
003 OSt
005 20220925212537.0
006 a|||||r|||| 00| 0
007 ta
008 220923b |||||||| |||| 00| 0 eng d
020 _a0049421700
037 _cGeneral Book
040 _aRTL
_cRTL
_beng
041 _2eng
_aeng
082 _aX.3.N, M1
100 _aMcCloskey Donald N
_913443
245 0 _aEnterprise and trade in Victorian Britain
_b Essays in historical economics
260 _aLondon
_bAllen and Unwin
_c1981
300 _axix,211p.
_ccm.
650 _aEconomic Conditions Great Britain
_9232317
942 _hX.3.N, M1
_cGB
_2CC
999 _c560582
_d560582